[Event "Leutersdorf Sparkasse op 15th"]
[Site "Leutersdorf"]
[Date "2011.02.20"]
[Round "5"]
[White "Schoenfelder, Tobias"]
[Black "Hurtig, Frank"]
[Result "0-1"]
[WhiteElo "1667"]
[BlackElo "2016"]
[PlyCount "28"]
[EventDate "2011.02.18"]
[EventType "swiss"]
[EventRounds "7"]
[EventCountry "GER"]
[SourceTitle "CBM 141 Extra"]
[Source "ChessBase"]
[SourceDate "2011.05.03"]
[SourceVersion "1"]
[SourceVersionDate "2011.05.03"]
[SourceQuality "1"]

1. e4 c5 2. Nf3 d6 3. d4 cxd4 4. Nxd4 Nf6 5. Nc3 a6 6. Bd3 g6 7. Be3 Bg7 8. 0-0 Ng4 9. Qf3 Nxe3 10. fxe3 0-0 11. Bc4 e6 12. Rf2 Nc6 13. Nce2 Ne5 14. Nxe6 Nxf3+ 0-1

[Event "Leutersdorf Sparkasse op 13th"]
[Site "Leutersdorf"]
[Date "2009.02.14"]
[Round "4"]
[White "Gluth, Manfred"]
[Black "Schoenfelder, Tobias"]
[Result "1-0"]
[WhiteElo "1737"]
[BlackElo "1292"]
[PlyCount "75"]
[EventDate "2009.02.13"]
[EventType "swiss"]
[EventRounds "7"]
[EventCountry "GER"]
[SourceTitle "CBM 128 Extra"]
[Source "ChessBase"]
[SourceDate "2009.03.05"]
[SourceVersion "2"]
[SourceVersionDate "2009.03.25"]
[SourceQuality "1"]

1. d4 Nf6 2. c4 g6 3. Nc3 Bg7 4. e4 d6 5. f4 Nbd7 6. Nf3 0-0 7. Be2 c5 8. d5 a6 9. 0-0 Qc7 10. Qc2 b6 11. b3 Rb8 12. Bb2 h5 13. h3 Qa7 14. Kh2 Kh7 15. Rae1 Rh8 16. f5 Bb7 17. fxg6+ fxg6 18. e5 dxe5 19. Ng5+ Kg8 20. Qxg6 Rf8 21. Ne6 Rf7 22. Bc1 Nf8 23. Qg3 Nxe6 24. dxe6 Rf8 25. Nd5 Bxd5 26. cxd5 Qb7 27. Rd1 Qa8 28. Rf5 h4 29. Qd3 e4 30. Qc4 Bh6 31. Bb2 Bg7 32. Rg5 Rh6 33. d6 Qb8 34. Be5 Qa7 35. d7 Rd8 36. Qc1 Kh7 37. Qf4 Rg6 38. Qf5 1-0

[Event "Leutersdorf Sparkasse op 13th"]
[Site "Leutersdorf"]
[Date "2009.02.14"]
[Round "3"]
[White "Schoenfelder, Tobias"]
[Black "Hurtig, Frank"]
[Result "1/2-1/2"]
[WhiteElo "1292"]
[BlackElo "1781"]
[PlyCount "93"]
[EventDate "2009.02.13"]
[EventType "swiss"]
[EventRounds "7"]
[EventCountry "GER"]
[SourceTitle "CBM 128 Extra"]
[Source "ChessBase"]
[SourceDate "2009.03.05"]
[SourceVersion "2"]
[SourceVersionDate "2009.03.25"]
[SourceQuality "1"]

1. e4 c5 2. d4 cxd4 3. c3 d3 4. c4 Nc6 5. Bxd3 d6 6. Nf3 g6 7. Nc3 Bg7 8. Bd2 Nf6 9. 0-0 0-0 10. Rc1 h6 11. Be3 Ng4 12. Qd2 Nxe3 13. Qxe3 Bg4 14. Ne1 a6 15. h3 Be6 16. Nf3 Rc8 17. Kh2 Kh7 18. Rg1 Nb4 19. b3 Bxc3 20. Rxc3 Nxa2 21. Rc2 Nb4 22. Rd2 Nxd3 23. Rxd3 Qc7 24. Kh1 Qc5 25. Qd2 b5 26. cxb5 axb5 27. g4 b4 28. h4 Qc2 29. Qe3 Rc3 30. Rxc3 Qxc3 31. Qxc3 bxc3 32. Nd4 Bd7 33. f3 e5 34. Ne2 Rc8 35. Ra1 Bb5 36. Nc1 Kg7 37. Ra5 Bc6 38. Kg2 Ra8 39. Rxa8 Bxa8 40. Kf2 d5 41. exd5 Bxd5 42. b4 Kf8 43. Ke3 Ke7 44. Nd3 Kd6 45. Ne1 f5 46. gxf5 gxf5 47. Kd3 1/2-1/2

[Event "Leutersdorf Sparkasse op 11th"]
[Site "Leutersdorf"]
[Date "2007.02.18"]
[Round "5"]
[White "Schoenfelder, Tobias"]
[Black "Mueller, Siegfried1"]
[Result "0-1"]
[WhiteElo "1127"]
[BlackElo "1433"]
[PlyCount "98"]
[EventDate "2007.02.16"]
[EventType "swiss"]
[EventRounds "7"]
[EventCountry "GER"]
[SourceTitle "CBM 117 Extra"]
[Source "ChessBase"]
[SourceDate "2007.05.09"]
[SourceVersion "1"]
[SourceVersionDate "2007.05.09"]
[SourceQuality "1"]

1. e4 e5 2. f4 exf4 3. Nf3 d6 4. d4 Nf6 5. Nc3 Bg4 6. Bxf4 Be7 7. Bc4 0-0 8. 0-0 c6 9. h3 Bh5 10. Re1 Nbd7 11. Qe2 Nb6 12. Bb3 Nfd7 13. a4 a5 14. Rad1 Rc8 15. e5 d5 16. Be3 Re8 17. Na2 Nf8 18. Rc1 Ne6 19. c4 dxc4 20. Bxc4 Nxa4 21. g4 Bg6 22. b3 Nb6 23. Red1 Nd5 24. Bxd5 Qxd5 25. Rc4 b5 26. Nc3 Qd8 27. d5 bxc4 28. dxe6 Bd3 29. exf7+ Kxf7 30. Qf2 Qc7 31. Ne1+ Kg8 32. Nxd3 cxd3 33. Rxd3 Qxe5 34. Bd4 Qg5 35. Be3 Qg6 36. Rd1 Rf8 37. Qe2 Bh4 38. Qc4+ Kh8 39. Bc5 Rfe8 40. Bb6 Qc2 41. Bxa5 Qf2+ 42. Kh1 Re1+ 43. Rxe1 Qxe1+ 44. Kg2 Qf2+ 45. Kh1 Bg3 46. Qe2 Qf4 47. Na2 Qf7 48. Nb4 Re8 49. Qa6 Re1+ 0-1

[Event "Leutersdorf Sparkasse op 11th"]
[Site "Leutersdorf"]
[Date "2007.02.17"]
[Round "4"]
[White "Wetzenkircher, Markus"]
[Black "Schoenfelder, Tobias"]
[Result "1-0"]
[WhiteElo "1519"]
[BlackElo "1127"]
[PlyCount "31"]
[EventDate "2007.02.16"]
[EventType "swiss"]
[EventRounds "7"]
[EventCountry "GER"]
[SourceTitle "CBM 117 Extra"]
[Source "ChessBase"]
[SourceDate "2007.05.09"]
[SourceVersion "1"]
[SourceVersionDate "2007.05.09"]
[SourceQuality "1"]

1. e4 e6 2. d4 d5 3. Nc3 Bb4 4. e5 c5 5. Bb5+ Bd7 6. Bxd7+ Qxd7 7. Nge2 Nc6 8. a3 Bxc3+ 9. bxc3 c4 10. Ng3 Nge7 11. Nh5 0-0 12. Qg4 Ng6 13. Bh6 Nce7 14. Bxg7 Rfe8 15. Nf6+ Kxg7 16. Nxd7 1-0

[Event "Leutersdorf Sparkasse op 10th"]
[Site "Leutersdorf"]
[Date "2006.02.19"]
[Round "7"]
[White "Schoenfelder, Tobias"]
[Black "Gaier, Richard"]
[Result "0-1"]
[WhiteElo "921"]
[BlackElo "1261"]
[PlyCount "78"]
[EventDate "2006.02.17"]
[EventType "swiss"]
[EventRounds "7"]
[EventCountry "GER"]
[SourceTitle "EXT 2007"]
[Source "ChessBase"]
[SourceDate "2006.11.23"]
[SourceVersion "1"]
[SourceVersionDate "2006.11.23"]
[SourceQuality "1"]

1. e4 e5 2. f4 exf4 3. Nf3 Nc6 4. d4 d5 5. e5 f6 6. exf6 Nxf6 7. Bxf4 Bd6 8. Bxd6 Qxd6 9. Nc3 0-0 10. Be2 Ng4 11. Qd2 Re8 12. 0-0-0 Nb4 13. Rhe1 Bf5 14. Bd3 Nxd3+ 15. cxd3 Qc6 16. Qg5 Qd7 17. Ne5 Nxe5 18. Rxe5 Rxe5 19. dxe5 d4 20. Ne4 Bxe4 21. dxe4 Qc6+ 22. Kb1 Qxe4+ 23. Ka1 Re8 24. Qd2 Qxe5 25. Qxd4 Qxd4 26. Rb1 Qd2 27. a4 Re1 28. Rxe1 Qxe1+ 29. Ka2 Kf7 30. g4 Ke6 31. h4 Kd5 32. h5 Qb4 33. h6 g6 34. g5 Qxa4+ 35. Kb1 Kc4 36. Kc1 Qa1+ 37. Kd2 Qxb2+ 38. Ke1 Kd3 39. Kf1 Ke3 0-1

[Event "Leutersdorf Sparkasse op 10th"]
[Site "Leutersdorf"]
[Date "2006.02.17"]
[Round "1"]
[White "Schoenfelder, Tobias"]
[Black "Schoel, Tobias"]
[Result "0-1"]
[WhiteElo "921"]
[BlackElo "1619"]
[PlyCount "80"]
[EventDate "2006.02.17"]
[EventType "swiss"]
[EventRounds "7"]
[EventCountry "GER"]
[SourceTitle "EXT 2007"]
[Source "ChessBase"]
[SourceDate "2006.11.23"]
[SourceVersion "1"]
[SourceVersionDate "2006.11.23"]
[SourceQuality "1"]

1. e4 c5 2. d4 cxd4 3. c3 dxc3 4. Nxc3 d6 5. Nf3 Nc6 6. Bc4 a6 7. 0-0 Nf6 8. Bf4 Bg4 9. h3 Bxf3 10. Qxf3 Nd4 11. Qd3 e5 12. Bg5 Be7 13. f4 0-0 14. Nd5 Nxd5 15. Bxe7 Nxe7 16. f5 d5 17. f6 dxc4 18. fxe7 cxd3 19. exd8B Rfxd8 20. Rad1 Rac8 21. Rxd3 Ne2+ 22. Kh1 Rxd3 23. Re1 Rc1 24. Rxc1 Nxc1 25. a4 Ne2 26. a5 Rd4 27. b4 Rxb4 28. g4 Rxe4 29. h4 Ra4 30. h5 Rxa5 31. h6 b5 32. hxg7 b4 33. g5 b3 34. g6 b2 35. gxh7+ Kxh7 36. g8Q+ Kxg8 37. Kh2 b1Q 38. Kh3 Ra4 39. Kh2 Qg6 40. Kh1 Qg1# 0-1